Normal view
MARC view
- Películas cinematográficas
Entry Materia
001 - NÚMERO DE CONTROL DEL REGISTRO
- campo de control: 188
003 - IDENTIFICADOR DE NUMERO DE CONTROL
- campo de control: MX-MxUPN
005 - FECHA Y HORA DE LA ÚLTIMA TRANSACCIÓN
- campo de control: 20250925085631.0
008 - DATOS DE LONGITUD FIJA
- campo de control de longitud fija: 250925n| acnnnbabn | ana |d
035 ## - NÚMERO DE CONTROL DEL SISTEMA
- Número de control del sistema: UPN10000000188
040 ## - FUENTE DE LA CATALOGACIÓN
- Centro catalogador de origen: MX-MxUPN
- Lengua de catalogación: spa
- Agencia de transcripción: MX-MxUPN
150 ## - ENCABEZAMIENTO - TEMÁTICO
- Término de materia o nombre geográfico como elemento inicial: Películas cinematográficas
360 ## - REFERENCIA COMPLEJA DE VÉASE ADEMÁS - MATERIA
- Texto explicativo: Véase también como subdivisión bajo nombres de países, ciudades, etc., y bajo nombres personales, familias y nombres de organismos; y bajo encabezamientos generales. Ej.:
- Encabezamiento al que se remite: NIÑOS EN PELICULAS CINEMATOGRAFICAS ; MUERTE EN PELICULAS CINEMATOGRAFICAS
550 ## - VÉASE ADEMÁS - MATERIA
- Encabezamiento temático o nombre geográfico como elemento de entrada: CINEMATOGRAFIA
670 ## - FUENTE EN LA QUE SE LOCALIZARON DATOS
- Cita de la fuente: LC
- Información localizada: Motion pictures
680 ## - NOTA GENERAL CON DESPLIEGUE PÚBLICO
- Texto explicativo: Aquí se asientan los trabajos sobre las películas cinematográficas por sí mismas, incluyendo a éstas como una forma de arte, derechos de autor, distribución, edición, anuncios, producción, etc. Los trabajos sobre los aspectos técnicos de la elaboración de películas cinematográficas así como su proyección en una pantalla se asientan bajo
- Encabezamiento: CINEMATOGRAFIA
- Texto explicativo: Los trabajos sobre los aspectos técnicos en la elaboración de videograbaciones, por ej., la creación y el almacenaje de imágenes en movimiento en una forma electrónica y su proyección en una pantalla, se asientan bajo
- Encabezamiento: GRABACIONES EN CINTA DE VIDEO
- Texto explicativo: Los trabajos sobre los aspectos artísticos en la elaboración de videograbaciones se asientan bajo
- Encabezamiento: GRABACIONES EN CINTA DE VIDEO - PRODUCCION Y DIRECCION
681 ## - NOTA DE ENVÍO A EJEMPLOS DE ENCABEZAMIENTO TEMÁTICO
- Texto explicativo: Nota bajo
- Encabezamiento: CINEMATOGRAFIA
902 ## - CATALOGADOR
- Catalogador: BDV/050307
